AH International Schools' Libraries

Mimi and the Mountain Dragon / (Record no. 49015)

MARC details
000 -LEADER
fixed length control field 00405nam a22001217a 4500
008 - FIXED-LENGTH DATA ELEMENTS--GENERAL INFORMATION
fixed length control field 250722b |||||||| |||| 00| 0 eng d
020 ## - INTERNATIONAL STANDARD BOOK NUMBER
International Standard Book Number 9781405269346
100 ## - MAIN ENTRY--PERSONAL NAME
Personal name Michael Morpurgo (Author), Helen Stephens (Illustrator)
9 (RLIN) 86387
245 ## - TITLE STATEMENT
Title Mimi and the Mountain Dragon /
Medium Michael Morpurgo
260 ## - PUBLICATION, DISTRIBUTION, ETC. (IMPRINT)
Place of publication, distribution, etc UK
Name of publisher, distributor, etc Egmont UK
Date of publication, distribution, etc 2015
300 ## - PHYSICAL DESCRIPTION
Extent 48 pages
Other physical details col. ill.
Dimensions 6.5 x 0.5 x 6.25 inches
942 ## - ADDED ENTRY ELEMENTS (KOHA)
Source of classification or shelving scheme
Koha item type Book
Holdings
Withdrawn status Lost status Source of classification or shelving scheme Damaged status Not for loan Collection code Home library Current library Shelving location Date acquired Total Checkouts Full call number Barcode Date last seen Date checked out Price effective from Koha item type
          Siem Riep Asian Hope Siem Reap Asian Hope Siem Reap Easy Reading 07/22/2025 1 E MOR 209027 04/09/2026 04/02/2026 07/22/2025 Book

For any Logos Library related questions please contact Miss Art at swongnarasuk@asianhope.org.

For any Asian Hope Library related questions please contact Miss Raza at graza@asianhope.org.

Click here to explore our ebooks!

Powered by Koha